LEADER 01065nam--2200349---450- 001 990001888330203316 005 20050530175113.0 035 $a000188833 035 $aUSA01000188833 035 $a(ALEPH)000188833USA01 035 $a000188833 100 $a20040729d1948----km-y0itay0103----ba 101 0 $afre 102 $aFR 105 $a||||||||001yy 200 1 $a<> apogée de la science technique grecque$eles sciences de la nature et de l'homme$eles mathematiques d'Hippocrate a Platon$fpar Abel Rey 210 $aParis$cMichel$d1948 215 $aXVIII, 315 p.$d20 cm. 410 0$12001 454 1$12001 461 1$1001-------$12001 700 1$aREY,$bAbel$03772 801 0$aIT$bsalbc$gISBD 912 $a990001888330203316 951 $aII.1.A.196(IV B 99)$b10408 L.M.$cIV B 959 $aBK 969 $aUMA 979 $aSIAV8$b10$c20040729$lUSA01$h1559 979 $aCOPAT7$b90$c20050530$lUSA01$h1748 979 $aCOPAT7$b90$c20050530$lUSA01$h1751 996 $aApogée de la science technique grecque$9953865 997 $aUNISA